00584nam a22002057a 450000500170000001000130001702000220003003500130005203700160006504000120008108200160009310000160010924500440012526000450016927000510021430000240026550000510028965000170034065000210035720170124110040.0 aA-680105 c45.00a8120308336 aA-680105 bCen Lib/Ret aDPLbEN a882.08bSHA aLyon, John  aThe merchant of venice /cby John Lyon  aNew DelhibPrentice hall of India c1993 bNew DelhiaB-16, Okhla industrial areae110020 axix,152p.c21cm(Hb) aIncludes bibliographical references and index  a literature  aEpic literature